Biggest Cities in Nevada - Statistics

General Stats
  • This quiz has been taken 42 times
  • The average score is 6 of 10
Answer Stats
Population City % Correct
653,840 Las Vegas
97%
254,431 Reno
92%
55,416 Carson City
83%
309,155 Henderson
72%
247,680 North Las Vegas
72%
20,816 Elko
44%
103,471 Sparks
44%
16,041 Boulder City
25%
19,063 Mesquite
19%
20,110 Fernley
11%
No matching quizzes found
Score Distribution
Percent of People with Each Score
Percentile by Number Answered
Your Score History
You have not taken this quiz